Pays avec le plus de McDonald's - Statistiques

Statistiques générales
  • Ce quiz a été pris 1 815 fois
  • Le résultat moyen est 14 sur 20
Statistiques - réponses
# Pays % Correct
1 500 France
100%
13 257 Etats-Unis
99%
1 400 Canada
94%
550 Espagne
94%
1 438 Allemagne
93%
3 500 Chine
93%
1 300 Royaume-Uni
90%
2 900 Japon
89%
1 031 Brésil
88%
640 Italie
87%
402 Mexique
87%
981 Australie
79%
300 Inde
73%
492 Pologne
64%
447 Corée du Sud
61%
275 Afrique du Sud
45%
304 Arabie Saoudite
30%
655 Philippines
24%
282 Malaisie
19%
413 Taïwan
13%
Aucun quiz correspondant
Distribution des résultats
% des personnes avec chaque résultat
Percentile par nombre de réponses
Votre historique - résultats
Vous n’avez pas pris ce quiz